[Event "AUTO-ADV-939"]
[Site "http://www.queenalice.com/game.php?id=418113"]
[Date "2008.6.16"]
[Round "1"]
[White "rodojr"]
[Black "Stewie583"]
[Result "1-0"]
[WhiteElo "1989"]
[BlackElo "1677"]

1. d4 d5 2. c4 e6 3. Nc3 c6 4. e3 Nf6 5. Bd3 Be7 6. Nf3 Nbd7 7. O-O O-O 8. b3 b6
9. h3 c5 10. cxd5 cxd4 11. dxe6 dxc3 12. exd7 Bxd7 13. Qc2 Rc8 14. Ne5 Bd6 15.
Nxd7 Qxd7 16. Bf5 1-0

[Event "AUTO-ADV-939"]
[Site "http://www.queenalice.com/game.php?id=418114"]
[Date "2008.6.16"]
[Round "1"]
[White "Stewie583"]
[Black "rodojr"]
[Result "0-1"]
[WhiteElo "1768"]
[BlackElo "1964"]

1. e4 g6 2. Nf3 Bg7 3. Bc4 c6 4. O-O d5 5. exd5 cxd5 6. Bb5+ Bd7 7. Bxd7+ Nxd7
8. c3 Ngf6 9. d4 O-O 10. Bg5 Ne4 11. Bf4 Qb6 12. Qc2 Rac8 13. Nbd2 f5 14. Rfe1
e5 15. dxe5 Qxf2+ 16. Kh1 Qb6 17. Be3 Qc7 18. Bf4 Qb6 19. Be3 Qc7 20. Bf4 Nxe5
21. Nxe5 Bxe5 22. Bxe5 Qxe5 23. Nf3 Qf6 24. Nd4 Qxd4 25. cxd4 Rxc2 0-1

[Event "AUTO-ADV-939"]
[Site "http://www.queenalice.com/game.php?id=418129"]
[Date "2008.6.16"]
[Round "1"]
[White "Stewie583"]
[Black "Brenno"]
[Result "1/2-1/2"]
[WhiteElo "1686"]
[BlackElo "2016"]

1. e4 e5 2. Nf3 Nf6 3. Nxe5 Qe7 4. Nf3 Qxe4+ 5. Qe2 Qxe2+ 6. Bxe2 Bb4 7. O-O O-O
8. c3 Re8 9. Re1 Ba5 10. d4 d6 11. Bg5 Bg4 12. Nbd2 Nbd7 13. h3 Bxf3 14. Bxf3 c6
15. Ne4 Nxe4 16. Bxe4 d5 17. Bf5 Nf8 18. Be7 g6 19. Bxf8 Kxf8 20. Bd7 Re7 21.
Rxe7 Kxe7 22. Bg4 f5 23. Re1+ Kf7 24. Bd1 Bc7 25. g3 Re8 26. Rxe8 Kxe8 27. f4
Ke7 28. Kf2 Kd6 29. Ke3 c5 30. dxc5+ Kxc5 31. b3 g5 32. fxg5 Bxg3 33. Bc2 Be5
34. Bxf5 h5 35. Kd3 h4 36. Be6 b5 37. a3 a5 38. b4+ axb4 39. axb4+ Kd6 40. Bf7
Kc6 41. Be8+ Kb6 42. g6 Bf6 43. Bf7 Kc6 44. Be8+ 1/2-1/2

[Event "AUTO-ADV-939"]
[Site "http://www.queenalice.com/game.php?id=418130"]
[Date "2008.6.16"]
[Round "1"]
[White "Brenno"]
[Black "Stewie583"]
[Result "1-0"]
[WhiteElo "2003"]
[BlackElo "1677"]

1. e4 d5 2. exd5 Qxd5 3. Nc3 Qa5 4. d4 c6 5. Nf3 Bf5 6. Bd3 Nf6 7. Bxf5 Qxf5 8.
O-O Nbd7 9. Ne2 e6 10. Ng3 Qd5 11. Bf4 Bd6 12. Bxd6 Qxd6 13. c4 O-O 14. Qb3 b6
15. Rfe1 Rad8 16. Rad1 Qc7 17. Qc2 c5 18. Ne4 Nxe4 19. Rxe4 Nf6 20. Rh4 cxd4 21.
Rhxd4 Rxd4 22. Rxd4 Rd8 23. Rh4 b5 24. b3 a6 25. h3 Rd6 26. c5 Rd5 27. b4 Rh5
28. Rd4 Rd5 29. Rxd5 Nxd5 30. a3 a5 31. bxa5 Qxa5 32. Qc1 b4 33. axb4 Qxb4 34.
c6 Qd6 35. Nd4 Kf8 36. Nb5 Qd8 37. Qc5+ Kg8 38. c7 Qc8 39. Qd6 1-0

[Event "AUTO-ADV-939"]
[Site "http://www.queenalice.com/game.php?id=418131"]
[Date "2008.6.16"]
[Round "1"]
[White "Stewie583"]
[Black "MarceloBecker"]
[Result "0-1"]
[WhiteElo "1695"]
[BlackElo "1845"]

1. e4 c6 2. d4 d5 3. exd5 cxd5 4. Bd3 Nf6 5. Nf3 Bg4 6. O-O Nbd7 7. Nc3 e6 8.
Bg5 Be7 9. h3 Bh5 10. Bb5 O-O 11. Qd3 a6 12. Bxd7 Qxd7 13. Ne5 Qc7 14. Rfe1 Bg6
15. Qd2 b5 16. Nxg6 hxg6 17. Ne2 Ne4 18. Bf4 e5 19. Bxe5 Qxe5 20. dxe5 Nxd2 21.
b3 Rac8 22. Nd4 Bc5 23. Rad1 Bxd4 24. Rxd2 Bc3 0-1

[Event "AUTO-ADV-939"]
[Site "http://www.queenalice.com/game.php?id=418132"]
[Date "2008.6.16"]
[Round "1"]
[White "MarceloBecker"]
[Black "Stewie583"]
[Result "1-0"]
[WhiteElo "1877"]
[BlackElo "1685"]

1. d4 d5 2. c4 e6 3. Nc3 c6 4. Nf3 Nf6 5. Bg5 Nbd7 6. e3 Be7 7. Bd3 O-O 8. Qc2
h6 9. Bh4 dxc4 10. Bxc4 Nd5 11. Bxe7 Qxe7 12. e4 Nxc3 13. bxc3 Nb6 14. Bd3 Rd8
15. O-O f6 16. Rfe1 Nd7 17. d5 cxd5 18. exd5 e5 19. c4 Nc5 20. Bh7+ Kf8 21. Nh4
Qc7 22. Ng6+ Kf7 23. Rad1 Qd7 24. Rxe5 Qd6 25. Re7+ 1-0

[Event "QA-ANNIV-04"]
[Site "http://www.queenalice.com/game.php?id=418361"]
[Date "2008.6.16"]
[Round "1"]
[White "Kay"]
[Black "Stewie583"]
[Result "0-1"]
[WhiteElo "1547"]
[BlackElo "1684"]

1. e4 d5 2. e5 Bf5 3. Bd3 Bxd3 4. cxd3 c5 5. Qa4+ Nc6 6. Nf3 e6 7. d4 Qa5 8. Nc3
Qxa4 9. Nxa4 cxd4 10. d3 b5 11. Nc5 Bxc5 12. a3 Nge7 13. b4 Bb6 14. Bd2 a5 15.
Rb1 axb4 16. axb4 O-O 17. Bg5 f6 18. exf6 gxf6 19. Bh6 Rfc8 20. O-O Ra4 21. Bd2
e5 22. Ne1 Rca8 23. Nc2 Ra2 24. Rbc1 Kf7 25. f4 Ke6 26. fxe5 fxe5 27. Bg5 Rb2
28. Rf6+ Kd7 29. Rf7 Raa2 30. Ne1 Bd8 31. Bxe7 Bxe7 32. Rxh7 Nxb4 33. Rc5 Ra1
34. Rxe7+ Kxe7 35. Rc7+ Kd6 0-1

[Event "QA-ANNIV-04"]
[Site "http://www.queenalice.com/game.php?id=445742"]
[Date "2008.8.8"]
[Round "2"]
[White "salva9001"]
[Black "Stewie583"]
[Result "0-1"]
[WhiteElo "2068"]
[BlackElo "1715"]

1. Nf3 Nf6 2. c4 c5 3. Nc3 Nc6 4. g3 g6 5. Bg2 Bg7 6. O-O O-O 7. d4 cxd4 8. Nxd4
Nxd4 9. Qxd4 d6 10. e4 Ng4 11. Qd3 Qc7 12. Nd5 Qd7 0-1

[Event "AUTO-INT-838"]
[Site "http://www.queenalice.com/game.php?id=448633"]
[Date "2008.8.14"]
[Round "2"]
[White "Viper_SB"]
[Black "Stewie583"]
[Result "1/2-1/2"]
[WhiteElo "1653"]
[BlackElo "1794"]

1. e4 d5 2. d3 dxe4 3. dxe4 Qxd1+ 4. Kxd1 e5 5. Nc3 Nf6 6. Bg5 Be7 7. Nf3 Bg4 8.
Be2 O-O 9. h3 Bxf3 10. Bxf3 Nbd7 11. Ke2 Rfe8 12. Rhe1 Nc5 13. Bxf6 Bxf6 14. Nd5
Bd8 15. Kf1 c6 16. Nc3 Bb6 17. b4 Ne6 18. Ne2 Rad8 19. Rad1 f6 20. Rxd8 Rxd8 21.
c3 Rd2 22. a4 a6 23. Bg4 Nf4 24. g3 Nxe2 25. Bxe2 Kf7 26. Rd1 Rxd1+ 1/2-1/2

[Event "AUTO-INT-838"]
[Site "http://www.queenalice.com/game.php?id=448634"]
[Date "2008.8.14"]
[Round "2"]
[White "Stewie583"]
[Black "Viper_SB"]
[Result "1-0"]
[WhiteElo "1792"]
[BlackElo "1669"]

1. e4 e5 2. Nf3 d6 3. Nc3 Nc6 4. Bb5 g6 5. d3 Bg7 6. O-O a6 7. Bxc6+ bxc6 8. Bg5
Nf6 9. Qd2 O-O 10. Bh6 Bg4 11. Bxg7 Kxg7 12. h3 Bxf3 13. gxf3 Nd7 14. Kh2 c5 15.
Ne2 c6 16. Rg1 f6 17. Rg3 Rf7 18. f4 Qe7 19. f5 Rg8 20. Rag1 g5 21. Rg4 h6 22.
Ng3 Kf8 23. Nh5 Ke8 24. h4 Nb6 25. b3 d5 26. hxg5 hxg5 27. Qe3 Rh7 28. Qh3 Qf7
29. Nxf6+ Kf8 30. Nxh7+ Ke8 31. Rxg5 Rh8 32. Rg8+ Rxg8 33. Rxg8+ Ke7 34. Qh4+
Kd6 35. Qd8+ 1-0

[Event "AUTO-INT-838"]
[Site "http://www.queenalice.com/game.php?id=448641"]
[Date "2008.8.14"]
[Round "2"]
[White "Stewie583"]
[Black "JhonDie"]
[Result "1-0"]
[WhiteElo "1758"]
[BlackElo "1829"]

1. e4 e5 2. Nf3 d6 3. Nc3 Nf6 4. Bc4 Bg4 5. d3 Be7 6. O-O O-O 7. Bg5 Nbd7 8. h3
Bxf3 9. Qxf3 Nb6 10. Bb3 Nfd7 11. Bxe7 Qxe7 12. Nd5 Nxd5 13. Bxd5 c6 14. Bb3 Nb6
15. Rad1 Rad8 16. c3 d5 17. exd5 Nxd5 18. Bxd5 Rxd5 19. Rfe1 Re8 20. d4 e4 21.
Qf4 Rh5 22. Rd2 Qg5 23. Rxe4 Kf8 24. Rxe8+ 1-0

[Event "AUTO-INT-838"]
[Site "http://www.queenalice.com/game.php?id=448642"]
[Date "2008.8.14"]
[Round "2"]
[White "JhonDie"]
[Black "Stewie583"]
[Result "0-1"]
[WhiteElo "1810"]
[BlackElo "1777"]

1. e4 d5 2. exd5 Qxd5 3. Nc3 Qa5 4. Nf3 Nf6 5. d4 c6 6. Be3 Bf5 7. Bd3 Bxd3 8.
Qxd3 e6 9. O-O Nbd7 10. a3 Be7 11. b4 Qc7 12. Ne2 O-O 13. Bf4 Bd6 14. Bxd6 Qxd6
15. Rfe1 Rfe8 16. Ng3 Rad8 17. Ne5 Nxe5 18. Rxe5 Qxd4 19. Qxd4 Rxd4 20. Kf1 Red8
21. Ree1 Rd2 22. c4 R8d4 23. c5 Ng4 24. h3 Rxf2+ 25. Kg1 Rdd2 26. Re2 Rfxe2 27.
Nxe2 Rxe2 28. hxg4 Re4 0-1

[Event "AUTO-INT-820"]
[Site "http://www.queenalice.com/game.php?id=471574"]
[Date "2008.10.2"]
[Round "2"]
[White "FOS2006"]
[Black "Stewie583"]
[Result "1-0"]
[WhiteElo "1692"]
[BlackElo "1756"]

1. e4 d5 2. Bd3 e6 3. b3 c5 4. Na3 Nf6 5. e5 Nfd7 6. Nf3 Nc6 7. Bb2 Qc7 8. Nb5
Qb6 9. Bc3 Be7 10. a4 a6 11. a5 Qd8 12. Nd6+ Bxd6 13. exd6 O-O 14. O-O Ndb8 15.
Be5 Nxe5 16. Nxe5 Qxd6 17. Nf3 Nc6 18. c3 Rb8 19. Qc2 g6 20. Rfe1 b6 21. axb6
Rxb6 22. Ra2 Bb7 23. Ng5 Ne5 24. Be2 Qe7 25. Nf3 Nxf3+ 26. Bxf3 d4 27. Bxb7 Qxb7
28. Ra3 Rb8 29. Rb1 c4 30. b4 d3 31. Qc1 Rb5 32. Rba1 Rg5 33. g3 Ra8 34. Ra4 Qb6
35. Qe1 Rf5 36. Ra5 Rxa5 37. Rxa5 Rd8 38. Qa1 Rd6 39. Qa4 Rd5 40. Rxa6 Qc7 41.
Ra8+ Kg7 42. Ra7 Qe5 43. Qd1 1-0

[Event "AUTO-INT-820"]
[Site "http://www.queenalice.com/game.php?id=471575"]
[Date "2008.10.2"]
[Round "2"]
[White "Stewie583"]
[Black "FOS2006"]
[Result "0-1"]
[WhiteElo "1803"]
[BlackElo "1755"]

1. e4 e5 2. Nf3 d6 3. d4 Nd7 4. dxe5 Nxe5 5. Nxe5 dxe5 6. Bb5+ Bd7 7. Qxd7+ Qxd7
8. Bxd7+ Kxd7 9. O-O Rd8 10. Rd1+ Bd6 11. Nc3 c6 12. Be3 b6 13. Rd2 Nf6 14. Bg5
Kc7 15. Bxf6 gxf6 16. Rad1 Rd7 17. Ne2 Rhd8 18. c4 Bb4 19. Rxd7+ Rxd7 20. Rxd7+
Kxd7 21. a3 Be7 22. b4 a6 23. Nc3 a5 24. bxa5 bxa5 25. a4 Kd6 0-1

[Event "AUTO-INT-866"]
[Site "http://www.queenalice.com/game.php?id=488464"]
[Date "2008.11.5"]
[Round "2"]
[White "allynne_12"]
[Black "Stewie583"]
[Result "1-0"]
[WhiteElo "1811"]
[BlackElo "1785"]

1. e4 d5 2. exd5 Qxd5 3. Nc3 Qa5 4. Bc4 Nf6 5. h3 Bf5 6. d3 c6 7. Bd2 Qc7 8. Qf3
e6 9. a3 Be7 10. Nge2 Nbd7 11. Nd4 Bg6 12. O-O O-O 13. b4 Nb6 14. Bb3 Rad8 15.
Nde2 Nfd5 16. Nxd5 Nxd5 17. Bxd5 Rxd5 18. Bf4 Bd6 19. Rad1 1-0

[Event "AUTO-INT-866"]
[Site "http://www.queenalice.com/game.php?id=488465"]
[Date "2008.11.5"]
[Round "2"]
[White "Stewie583"]
[Black "allynne_12"]
[Result "0-1"]
[WhiteElo "1770"]
[BlackElo "1826"]

1. e4 e5 2. Nf3 d6 3. d4 exd4 4. Nxd4 Be6 5. Nxe6 fxe6 6. Nc3 Be7 7. Bc4 Qd7 8.
O-O Nc6 9. Qh5+ g6 10. Qb5 O-O-O 11. Be3 Nf6 12. a4 d5 13. exd5 exd5 14. Rfd1
Qg4 15. Nxd5 Rhe8 16. Nxe7+ Rxe7 17. Rxd8+ Nxd8 18. f3 Qd7 0-1